00888nam a22002057a 450000100060000000300080000600500170001400800410003103500190007204000260009104100080011708200250012524502110015026000260036130000240038765000280041194200120043999900170045195202140046834210BD-RjUL20211209052125.0140514s1978 bg |||| |||| 000 0 eng d a(BD-RjUL)34304 aBD-RjULbengcBD-RjUL aeng04a363.96bSUR V-2 1978 aSurver of Health MCH and Family Planning Infrastructure in Bangladesh /nVolume 2 :pPopulation Control and Planing Division Ministry of Health and population Control Government of the Peoples of Bangladesh aDhaka :bWari,c1978. a635 p. ;c17/29 cm. aFamily Planning9104001 2ddccBK c34210d34210 00102ddc40718NFICaRUCLbRUCLcReadingd1978-10-17eMinistry of Health and population Control Government of the Peoples of Bangladeshg0.00l0o363.96 SUR V-2 1978r2014-05-14 00:00:00tC-1w2014-05-14yBK